Southville International School and Colleges
Your cart is empty.
  • Cart
  • Lists
    Public lists Eva Luna New books Lux_list list_1
    Your lists Log in to create your own lists
  • Log in to your account
  • Your cookies
  • Search history
Southville International School and Colleges
  • Advanced search
  • Recent comments
  • Most popular
  • Libraries

Log in to your account

Log in with GOOGLE


If you do not have an external account, but do have a local account, you can still log in:

  1. Home
  2. MARC view: Test anxiety as factor of exam performance: a quasi experimental study
Normal view MARC view ISBD view

Test anxiety as factor of exam performance: a quasi experimental study (Record no. 365538)

[ view plain ]
MARC details
000 -LEADER
fixed length control field 00696nam a22001937a 4500
003 - CONTROL NUMBER IDENTIFIER
control field 0
005 - DATE AND TIME OF LATEST TRANSACTION
control field 20250626113614.0
008 - FIXED-LENGTH DATA ELEMENTS--GENERAL INFORMATION
fixed length control field 231018b xxu||||| |||| 00| 0 eng d
050 ## - LIBRARY OF CONGRESS CALL NUMBER
Classification number PHS BF 575.T4
Item number .M46 2023
100 ## - MAIN ENTRY--PERSONAL NAME
Personal name Mendoza, Juliena Zchishane V.
245 ## - TITLE STATEMENT
Title Test anxiety as factor of exam performance: a quasi experimental study
Statement of responsibility, etc Juliena Zchishane V. Mendoza
260 ## - PUBLICATION, DISTRIBUTION, ETC. (IMPRINT)
Place of publication, distribution, etc Las Pinas City
Name of publisher, distributor, etc Southville International School and Colleges
Date of publication, distribution, etc 2023.
300 ## - PHYSICAL DESCRIPTION
Extent 41 pages ;
Dimensions 30 cm.
504 ## - BIBLIOGRAPHY, ETC. NOTE
Bibliography, etc Includes bibliographical references.
650 ## - SUBJECT ADDED ENTRY--TOPICAL TERM
Topical term or geographic name as entry element Anxiety
Form subdivision experimental research.
650 ## - SUBJECT ADDED ENTRY--TOPICAL TERM
Topical term or geographic name as entry element Test anxiety.
650 ## - SUBJECT ADDED ENTRY--TOPICAL TERM
Topical term or geographic name as entry element Stress (Psychology)
Form subdivision Educational aspects.
942 ## - ADDED ENTRY ELEMENTS (KOHA)
Source of classification or shelving scheme Library of Congress Classification
Koha item type PASS
Holdings
Withdrawn status Lost status Source of classification or shelving scheme Damaged status Home library Current library Shelving location Date acquired Source of acquisition Total Checkouts Full call number Barcode Date last seen Price effective from Koha item type
    Library of Congress Classification   Luxembourg Library Luxembourg Library Portfolio Assessment of SISC Students Section 10/18/2023 Donation   PHS BF 575.T4 .M46 2023 P3587 10/18/2023 10/18/2023 PASS

Test anxiety as factor of exam performance: a quasi experimental study

APA

Mendoza J. Z. V., . (2023). Test anxiety as factor of exam performance: a quasi experimental study. Las Pinas City: Southville International School and Colleges.

Chicago

Mendoza Juliena Zchishane V, . 2023. Test anxiety as factor of exam performance: a quasi experimental study. Las Pinas City: Southville International School and Colleges.

Harvard

Mendoza J. Z. V., . (2023). Test anxiety as factor of exam performance: a quasi experimental study. Las Pinas City: Southville International School and Colleges.

MLA

Mendoza Juliena Zchishane V, . Test anxiety as factor of exam performance: a quasi experimental study. Las Pinas City: Southville International School and Colleges. 2023.

  • Print
  • Cite
  • Add to your cart (remove)
  • Save record
    BIBTEX Dublin Core MARCXML MARC (non-Unicode/MARC-8) MARC (Unicode/UTF-8) MARC (Unicode/UTF-8, Standard) MODS (XML) RIS
  • More searches
    Search for this title in:
    Other Libraries (WorldCat) Other Databases (Google Scholar) Online Stores (Bookfinder.com) Open Library (openlibrary.org)

Exporting to Dublin Core...

SOUTHVILLE LIBRARY

Southville International School and Colleges Library

1281 Tropical Ave. Cor. Luxembourg St., BF Homes International, Las Pinas City

Tel. No. 8256374 / 252358 Loc. 117/146

Powered by Koha